Το μοναστήρι της Πάρμας
Αποθηκεύτηκε σε:
| Κύριος συγγραφέας: | |
|---|---|
| Άλλοι συγγραφείς: | , |
| Μορφή: | Βιβλίο |
| Γλώσσα: | Greek French |
| Δημοσίευση: |
Αθήνα :
[χ.ό.],
1966.
|
| Έκδοση: | 2η έκδ. |
| Θέματα: | |
| Ετικέτες: |
Προσθήκη ετικέτας
Δεν υπάρχουν, Καταχωρήστε ετικέτα πρώτοι!
|
MARC
| LEADER | 00000cam a2200000 i 4500 | ||
|---|---|---|---|
| 001 | 1/83227 | ||
| 008 | 050808s1966 gr | ||| |||| ||gre|| | ||
| 035 | |l 10079719 | ||
| 040 | |a GR-MY-UA |b gre |e aacr | ||
| 041 | 1 | |a gre |h fre | |
| 082 | 7 | |a 843.7 |2 (22) | |
| 100 | 0 | |a Stendhal, |d 1783-1842. | |
| 245 | 1 | 3 | |a Το μοναστήρι της Πάρμας / |c Σταντάλ ; προλεγόμενα του Στάθη Πρωταίου ; μετάφραση Νίκου Σαρλή. |
| 250 | |a 2η έκδ. | ||
| 260 | |a Αθήνα : |b [χ.ό.], |c 1966. | ||
| 300 | |a 270 σ. ; |c 24 εκ. | ||
| 500 | |a Τίτλος πρωτοτύπου: La chartreuse de Parme | ||
| 650 | 0 | 0 | |a French fiction. |
| 700 | 1 | |a Σαρλής, Νίκος, |e trl | |
| 700 | 1 | |a Πρωταίος, Στάθης, |d 1921- |e aui | |
| 852 | |a INST |b RHODES |c KRI |e 20050808 |h 843.7 STE |p 005400030389 |q 005400030389 |t BK |y 0 | ||
| 901 | |a BIBL4-2005-2 | ||
| 909 | |a Ρ |b 122201 | ||
| 970 | |a ΚΟΖΑ |b ΜΑΡΙΑ |z 2005/08/05 | ||